The media of mass communication / (Record no. 2825)

000 -LEADER
fixed length control field 00919cam a2200289 a 4500
001 - CONTROL NUMBER
control field 12958465
003 - CONTROL NUMBER IDENTIFIER
control field OSt
005 - DATE AND TIME OF LATEST TRANSACTION
control field 20170105101202.0
008 - FIXED-LENGTH DATA ELEMENTS--GENERAL INFORMATION
fixed length control field 021004s2003 maua 001 0 eng
010 ## - LIBRARY OF CONGRESS CONTROL NUMBER
LC control number 2002514513
020 ## - INTERNATIONAL STANDARD BOOK NUMBER
International Standard Book Number 0205377750
020 ## - INTERNATIONAL STANDARD BOOK NUMBER
International Standard Book Number 0205377750 (computer disc)
040 ## - CATALOGING SOURCE
Original cataloging agency DLC
Transcribing agency DLC
050 00 - LIBRARY OF CONGRESS CALL NUMBER
Classification number P90
Item number .V53 2003
082 04 - DEWEY DECIMAL CLASSIFICATION NUMBER
Classification number 302.23
Edition number 21
100 1# - MAIN ENTRY--PERSONAL NAME
Personal name Vivian, John.
245 14 - TITLE STATEMENT
Title The media of mass communication /
Statement of responsibility, etc. John Vivian.
250 ## - EDITION STATEMENT
Edition statement 6th ed., 2003 update.
260 ## - PUBLICATION, DISTRIBUTION, ETC.
Place of publication, distribution, etc. Boston :
Name of publisher, distributor, etc. Allyn and Bacon,
Date of publication, distribution, etc. c2003.
300 ## - PHYSICAL DESCRIPTION
Extent xxv, 510 p. :
Other physical details col. ill. ;
Dimensions 26 cm. +
Accompanying material 1 computer optical disc (4 3/4 in.)
500 ## - GENERAL NOTE
General note Includes index.
538 ## - SYSTEM DETAILS NOTE
System details note System requirements for accompanying computer disc: Windows and Macintosh
650 #0 - SUBJECT ADDED ENTRY--TOPICAL TERM
Topical term or geographic name entry element Mass media.
906 ## - LOCAL DATA ELEMENT F, LDF (RLIN)
a 7
b cbc
c origcop
d 2
e ncip
f 20
g y-gencatlg
942 ## - ADDED ENTRY ELEMENTS (KOHA)
Source of classification or shelving scheme
Koha item type Book
Holdings
Withdrawn status Lost status Source of classification or shelving scheme Damaged status Not for loan Collection code Permanent Location Current Location Shelving location Date acquired Total Checkouts Full call number Barcode Date last seen Price effective from Koha item type
            Central Library (CL) Central Library (CL) General Stacks 03/21/2016   302.23 VIV S3H-N-176 03/21/2016 03/21/2016 Book
© 2023 Central Library, National University of Sciences and Technology. All Rights Reserved.